Wszyscy zwycięzcy Ligi Konferencji - nagła śmierć - Statystyki

Ogólne statystyki
  • Ten quiz został rozwiązany 171 razy
  • Średni wynik to 4 z 6
Answers on the Grid
Answers color-coded by a green-red scale on the quiz's grid according to % correct below.
West Ham United
Real Sociedad
Fiorentina
Wolfsburg
AS Roma
Olympiakos
Torino
AS Monaco
Mallorca
TAK
TAK
TAK
 
Statystyki odpowiedzi
Odpowiedź % Poprawnych
West Ham United
83%
AS Roma
76%
TAK
55%
Olympiakos
54%
TAK
54%
TAK
54%
Nie znaleziono quizów pasujących do podanych kryteriów
Rozkład punktacji
Procent ludzi z każdym wynikiem
Percentyl według liczby udzielonych odpowiedzi
Twoja historia wyników
Nie rozwiązałeś tego quizu